Kaedah berkesan bijak belajar

Bibliographic Details
Other Authors: Sidang pengarang
Format: Book
Published: Selangor : Penerbitan nadi ilmu sdn.bhd , 2006
Series:Siri pemangkin insan cemerlang
Subjects:

MARC

LEADER 00000cam a2200000 7i4500
001 0000006918
005 20151222.0
008 070827
020 |a 9838862169 
090 0 0 |a JF   |b MOR MAL (8019) 
245 1 0 |a Kaedah berkesan bijak belajar   |c Sidang pengarang 
260 |a Selangor :   |b Penerbitan nadi ilmu sdn.bhd ,   |c 2006 
300 |a Jilid 1 
440 |a Siri pemangkin insan cemerlang 
500 |a Children ages 7-9 years old (orange) 
650 0 |a Achievement motivation 
650 0 |a Junior fiction   |x Malay   |x Languages 
650 0 |a Motivation in education 
650 0 |a Study skills 
650 0 |a Success 
700 0 |a Sidang pengarang 
999 |a 0000986323   |b Book   |c Children Collection   |e Perbadanan Perpustakaan Awam Johor 
999 |a 0000986324   |b Book   |c Children Collection   |e Perbadanan Perpustakaan Awam Johor 
999 |a 0000986325   |b Book   |c Children Collection   |e Cawangan Sri Merlong 
999 |a 0000986326   |b Book   |c Children Collection   |e Cawangan Taman Universiti 
999 |a 0000986327   |b Book   |c Children Collection   |e Cawangan Kota Tinggi